| 000 | 00751pam a2200217 a 4500 | ||
|---|---|---|---|
| 003 | OSt | ||
| 008 | 920731s1993 nyua b 001 0 eng | ||
| 020 | _a1560810785 (VCH Publishers) | ||
| 020 | _a3527281622 (VCH Verlagsgesellschaft) | ||
| 041 | _aeng | ||
| 082 | 0 | 0 |
_a637.14 _bHUI/DA |
| 245 | 0 | 0 |
_aDairy science and technology handbook / _bVol.3: Applications science, Technology and Enginering |
| 250 | _aIndian Ed., | ||
| 260 |
_aNew Delhi _bVCH, _cc1994. |
||
| 300 |
_a3 v. : _bill. ; |
||
| 505 | 0 | _av. 1. Principles and properties -- v. 2. Product manufacturing -- v. 3. Applications science, technology, and engineering. | |
| 650 | 0 |
_aDairy processing. _95429 |
|
| 650 | 0 |
_aDairy products. _95430 |
|
| 700 | 1 |
_aHui, Y. H. _9425 |
|
| 942 | _cBK | ||
| 999 |
_c17670 _d17670 |
||